[Event "Eliteserien 2013 - 14"]
[Site "Oslo"]
[Date "2013.11.01"]
[Round "4"]
[White "Devereaux, Maxim L"]
[Black "Predojevic, Borki"]
[Result "0-1"]
[WhiteElo "2367"]
[BlackElo "2600"]
[PlyCount "92"]
[EventDate "2013.??.??"]

1. d4 d5 2. c4 dxc4 3. Nf3 Nf6 4. e3 e6 5. Bxc4 a6 6. O-O b5 7. Be2 Bb7 8. a4
b4 9. Nbd2 c5 10. a5 Nbd7 11. Nc4 Rc8 12. dxc5 Bxc5 13. Bd2 O-O 14. Nd4 Bd5 15.
b3 Ne4 16. Qe1 Nxd2 17. Nxd2 Bxd4 18. exd4 Nb8 19. Ra4 Nc6 20. Bxa6 Rb8 21. Qe3
Nxa5 22. Rc1 Nc6 23. Bc4 Bxc4 24. Rxc4 Ne7 25. Ra1 Nd5 26. Qe5 Ra8 27. Rb1 Ra5
28. Qe1 Nc3 29. Ra1 Rxa1 30. Qxa1 Nd5 31. Nf1 Qg5 32. g3 h5 33. h4 Qf5 34. Qd1
Ra8 35. Kg2 Ra2 36. Qf3 Qxf3+ 37. Kxf3 Rb2 38. Ne3 Rxb3 39. Ke4 f5+ 40. Kf3 Rc3
41. Rxc3 Nxc3 42. Nc4 b3 43. Nb2 Kf7 44. Ke3 Ne4 45. Nd1 Ke7 46. Kd3 Kd6
0-1

[Event "Eliteserien 2013 - 14"]
[Site "Oslo"]
[Date "2013.11.01"]
[Round "4"]
[White "Tari, Aryan"]
[Black "Nordahl, Helge"]
[Result "1/2-1/2"]
[WhiteElo "2295"]
[BlackElo "2340"]
[PlyCount "63"]
[EventDate "2013.??.??"]

1. e4 c5 2. Nf3 d6 3. Bb5+ Nd7 4. O-O Ngf6 5. Re1 a6 6. Bf1 e5 7. c3 Be7 8. d4
O-O 9. h3 Re8 10. dxe5 dxe5 11. c4 Nb8 12. Nc3 Nc6 13. Nd5 h6 14. Bd2 Bd6 15.
a3 Rb8 16. Rc1 Nd4 17. b4 b6 18. Nxd4 cxd4 19. Nxb6 Qxb6 20. c5 Bxc5 21. Rxc5
Bb7 22. Bd3 Nd7 23. Rc1 Rbc8 24. Qg4 Nf6 25. Rxc8 Rxc8 26. Qf5 Qd6 27. g4 g6
28. Qf3 h5 29. Kh2 hxg4 30. hxg4 Qe6 31. Kg3 Qb3 32. Rh1
1/2-1/2

[Event "Eliteserien 2013 - 14"]
[Site "Oslo"]
[Date "2013.11.01"]
[Round "4"]
[White "Andersen, Lars Even"]
[Black "Kvisvik, Brede Alex."]
[Result "1-0"]
[WhiteElo "2297"]
[BlackElo "2316"]
[PlyCount "69"]
[EventDate "2013.??.??"]

1. d4 d5 2. Nf3 Nf6 3. c4 dxc4 4. e3 e6 5. Bxc4 a6 6. O-O b5 7. Be2 Bb7 8. a4
b4 9. Nbd2 c5 10. dxc5 Nbd7 11. Nb3 Nxc5 12. Qxd8+ Rxd8 13. Na5 Be4 14. Ne5 Nd3
15. Bxd3 Bxd3 16. Rd1 Rd5 17. Rxd3 Rxe5 18. Nc6 Rd5 19. Rxd5 Nxd5 20. Bd2 f5
21. Rc1 Kf7 22. Ne5+ Kf6 23. Nd7+ Kf7 24. Ne5+ Kf6 25. Nd7+ Kf7 26. Rc8 g5 27.
Nb8 Bg7 28. Rxh8 Bxh8 29. Nxa6 b3 30. Nc5 Bxb2 31. Nxb3 Ke7 32. e4 fxe4 33.
Bxg5+ Kd6 34. Nd2 Nc3 35. Nc4+
1-0

[Event "Eliteserien 2013 - 14"]
[Site "Oslo"]
[Date "2013.11.01"]
[Round "4"]
[White "Berg, Emanuel"]
[Black "Elsness, Frode"]
[Result "1-0"]
[WhiteElo "2574"]
[BlackElo "2483"]
[PlyCount "103"]
[EventDate "2013.??.??"]

1. e4 e5 2. Nf3 Nc6 3. Bb5 a6 4. Ba4 Nf6 5. O-O Be7 6. d3 b5 7. Bb3 d6 8. a3
O-O 9. Nc3 Bg4 10. Be3 Nd4 11. Bxd4 exd4 12. Nd5 Nd7 13. h3 Bxf3 14. Qxf3 c6
15. Nxe7+ Qxe7 16. c3 Nc5 17. Ba2 Qe5 18. Rac1 Rac8 19. Qe2 Na4 20. f4 Qc5 21.
Qf2 dxc3 22. d4 Qa7 23. b3 Nb6 24. Rxc3 Qe7 25. Bb1 c5 26. dxc5 dxc5 27. Rfc1
Rfd8 28. Rxc5 Rxc5 29. Rxc5 Rd1+ 30. Kh2 Nd7 31. Rc8+ Nf8 32. Bc2 Ra1 33. Qd4
Rxa3 34. e5 g6 35. f5 gxf5 36. Bxf5 Rxb3 37. Qd6 Qxd6 38. exd6 Kg7 39. d7 Nxd7
40. Bxd7 b4 41. Rc7 Re3 42. Ba4 Ra3 43. Be8 a5 44. Bxf7 Kf6 45. Bg8 h6 46. Rb7
Ke5 47. Rb6 h5 48. Rb5+ Kd4 49. Rxh5 Kc3 50. Rc5+ Kb2 51. h4 a4 52. Rb5
1-0

[Event "Eliteserien 2013 - 14"]
[Site "Oslo"]
[Date "2013.11.01"]
[Round "4"]
[White "Getz, Nicolai"]
[Black "Hagen, Anders G"]
[Result "1-0"]
[WhiteElo "2352"]
[BlackElo "2117"]
[PlyCount "51"]
[EventDate "2013.??.??"]

1. e4 c5 2. d3 Nc6 3. f4 g6 4. Nf3 Bg7 5. Be2 d6 6. O-O Nf6 7. Qe1 Nd4 8. Nxd4
cxd4 9. Nd2 Qc7 10. Bd1 O-O 11. Qh4 d5 12. e5 Ne8 13. Nf3 f6 14. Re1 g5 15. Qg3
fxe5 16. fxe5 h6 17. Nxd4 Nd6 18. c3 Nf7 19. e6 Bxd4+ 20. cxd4 Nd6 21. Bxg5
hxg5 22. Qxg5+ Kh7 23. Re3 Bxe6 24. Qh5+ Kg7 25. Rg3+ Kf6 26. Qg6#
1-0

[Event "Eliteserien 2013 - 14"]
[Site "Oslo"]
[Date "2013.11.01"]
[Round "4"]
[White "Johansen, Paul"]
[Black "Moen, Andreas G.R."]
[Result "0-1"]
[WhiteElo "2115"]
[BlackElo "2390"]
[PlyCount "66"]
[EventDate "2013.??.??"]

1. d4 Nf6 2. c4 c6 3. Nc3 d5 4. e3 e6 5. Nf3 Nbd7 6. cxd5 exd5 7. Bd3 Bd6 8.
O-O O-O 9. Qc2 Re8 10. Rb1 Qe7 11. a3 Ne4 12. b4 Ndf6 13. Bb2 Bf5 14. h3 Qe6
15. Ng5 Qe7 16. Rfe1 Rac8 17. Ngxe4 dxe4 18. Bf1 h5 19. f4 h4 20. Qd1 Bb8 21.
Bc4 g5 22. g4 hxg3 23. fxg5 g2 24. gxf6 Qd6 25. Bxf7+ Kxf7 26. Kf2 g1=Q+ 27.
Rxg1 Qh2+ 28. Ke1 Qxg1+ 29. Kd2 Qf2+ 30. Ne2 Rg8 31. Qb3+ Be6 32. Qc3 Rg2 33.
Re1 Bg3
0-1

[Event "Eliteserien 2013 - 14"]
[Site "Oslo"]
[Date "2013.11.01"]
[Round "4"]
[White "Hauge, Lars Oskar"]
[Black "Rishovd, Svein"]
[Result "1-0"]
[WhiteElo "2179"]
[BlackElo "2035"]
[PlyCount "97"]
[EventDate "2013.??.??"]

1. e4 c5 2. Nc3 Nc6 3. f4 g6 4. Nf3 Bg7 5. Bb5 Nd4 6. O-O e6 7. e5 Ne7 8. Nxd4
cxd4 9. Ne4 O-O 10. d3 a6 11. Ba4 b5 12. Bb3 Bb7 13. Qe1 Bd5 14. Bd2 a5 15.
Bxd5 Nxd5 16. Qf2 Qb6 17. c3 dxc3 18. Qxb6 Nxb6 19. bxc3 Nd5 20. Rab1 Rfb8 21.
Rb3 Bf8 22. Rfb1 b4 23. c4 Nb6 24. Be3 Kg7 25. Bxb6 Rxb6 26. c5 Rb5 27. d4 Be7
28. Kf2 f6 29. a3 fxe5 30. fxe5 Rab8 31. Ke3 h6 32. Kd3 Rf8 33. axb4 axb4 34.
Rxb4 Rxb4 35. Rxb4 Kf7 36. Rb7 Ke8 37. Nd6+ Bxd6 38. exd6 Rf1 39. Rb8+ Kf7 40.
Rd8 Rd1+ 41. Ke3 Re1+ 42. Kf2 Rc1 43. Rxd7+ Kf6 44. Rh7 Rc2+ 45. Ke3 Rc3+ 46.
Kd2 Rc4 47. Kd3 Ra4 48. d7 Ra8 49. c6
1-0

[Event "Eliteserien 2013 - 14"]
[Site "Oslo"]
[Date "2013.11.01"]
[Round "4"]
[White "Hagesæther, Arne"]
[Black "Hersvik, Daniel"]
[Result "1/2-1/2"]
[WhiteElo "2148"]
[BlackElo "2220"]
[PlyCount "39"]
[EventDate "2013.??.??"]

1. e4 c5 2. f4 Nc6 3. Nf3 e6 4. Bb5 Nge7 5. O-O a6 6. Be2 d5 7. d3 Nd4 8. Nxd4
cxd4 9. Nd2 Bd7 10. b3 dxe4 11. dxe4 Nc6 12. Bb2 Bc5 13. Kh1 O-O 14. Rc1 e5 15.
f5 Be7 16. Nf3 Bf6 17. c3 Qb6 18. Qe1 dxc3 19. Bxc3 Qe3 20. Bc4
1/2-1/2

[Event "Eliteserien 2013 - 14"]
[Site "Oslo"]
[Date "2013.11.01"]
[Round "4"]
[White "Gabrielsen, Trond"]
[Black "Valaker, Ole Johan"]
[Result "1/2-1/2"]
[WhiteElo "2277"]
[BlackElo "2184"]
[PlyCount "63"]
[EventDate "2013.??.??"]

1. e4 Nf6 2. e5 Nd5 3. d4 d6 4. Nf3 dxe5 5. Nxe5 c6 6. Bd3 Nd7 7. Nf3 N7f6 8.
O-O Bg4 9. a3 e6 10. c4 Nb6 11. Be3 Be7 12. Nbd2 Qc7 13. Qc2 Nbd7 14. Rfe1 O-O
15. Bg5 Bd6 16. Qc3 Bh5 17. b4 a5 18. Rab1 axb4 19. axb4 Bg6 20. Bxg6 hxg6 21.
Ne4 b5 22. Nxf6+ gxf6 23. Bh4 bxc4 24. Qxc4 Nb6 25. Qd3 Nd5 26. Bg3 Bxg3 27.
hxg3 Qd6 28. b5 Ra3 29. Rxe6 fxe6 30. Qxg6+ Kh8 31. Qh6+ Kg8 32. Qg6+
1/2-1/2

[Event "Eliteserien 2013 - 14"]
[Site "Oslo"]
[Date "2013.11.01"]
[Round "4"]
[White "Manne, Per Erik"]
[Black "Muhsen, Abdulla M"]
[Result "0-1"]
[WhiteElo "2244"]
[BlackElo "2191"]
[PlyCount "140"]
[EventDate "2013.??.??"]

1. e4 c6 2. d4 d5 3. Nc3 dxe4 4. Nxe4 Nd7 5. Bc4 Ngf6 6. Ng5 e6 7. Qe2 Nb6 8.
Bd3 c5 9. dxc5 Bxc5 10. N1f3 Qc7 11. O-O Nbd5 12. Ne5 O-O 13. c3 h6 14. Ngf3 b6
15. Bd2 Bb7 16. c4 Nb4 17. Bb1 Rac8 18. Bc3 Be7 19. Nd4 Nc6 20. Nexc6 Bxc6 21.
Nxc6 Qxc6 22. Bd3 Rfd8 23. Rfd1 Nd7 24. Rac1 Bg5 25. Bd2 Bf6 26. b3 a5 27. Be4
Qc7 28. Be3 Nc5 29. Bb1 Rxd1+ 30. Rxd1 Rd8 31. Rxd8+ Qxd8 32. Qd2 Qc7 33. Qc2
Kf8 34. a3 Nd7 35. Qd2 Ke7 36. g3 Qc6 37. f4 Ke8 38. Bc2 Be7 39. a4 Bc5 40.
Bxc5 Qxc5+ 41. Qf2 Qa3 42. Kg2 Ke7 43. Bd1 Qd6 44. Bc2 Qc6+ 45. Kg1 f6 46. Qe3
Nc5 47. Qc3 Na6 48. Qe3 Qd6 49. Kf2 Nc5 50. Ke2 Qc6 51. Kd2 Qg2+ 52. Qe2 Qg1
53. Bd1 Qd4+ 54. Kc2 Na6 55. Qf3 Nb4+ 56. Kb1 Kd6 57. Bc2 Qg1+ 58. Qd1+ Qxd1+
59. Bxd1 e5 60. fxe5+ Kxe5 61. Kc1 Ke4 62. Kd2 Kd4 63. Bg4 Na6 64. Bf5 Nc5 65.
Bc2 f5 66. h4 g6 67. Ke2 Kc3 68. Bd1 Nxb3 69. Ke3 g5 70. Bh5 Nd2
0-1

[Event "Eliteserien 2013 - 14"]
[Site "Oslo"]
[Date "2013.11.01"]
[Round "4"]
[White "Flaata, Alexander R."]
[Black "Christiansen, Johan-Sebastian"]
[Result "1-0"]
[WhiteElo "2099"]
[BlackElo "2062"]
[PlyCount "97"]
[EventDate "2013.??.??"]

1. e4 c5 2. d4 cxd4 3. c3 dxc3 4. Nxc3 Nc6 5. Bc4 a6 6. Nf3 e6 7. O-O Nge7 8.
Qe2 b5 9. Bb3 Bb7 10. Rd1 Ng6 11. Bg5 Qb8 12. Rac1 h6 13. Be3 Be7 14. h4 Nxh4
15. Nxh4 Bxh4 16. Qh5 Be7 17. Rxd7 Bc8 18. Bxe6 O-O 19. Nd5 Bxd7 20. Bxd7 Qe5
21. Nxe7+ Qxe7 22. Bxc6 Rac8 23. Bc5 Qf6 24. Bxf8 Rxc6 25. Rxc6 Qxc6 26. Ba3
Qc1+ 27. Kh2 Qf4+ 28. Kg1 Qc1+ 29. Kh2 Qf4+ 30. Kh3 Qxf2 31. Qc5 Qf1 32. Qc8+
Kh7 33. Qf5+ Qxf5+ 34. exf5 g6 35. f6 g5 36. g4 Kg6 37. Be7 h5 38. gxh5+ Kxh5
39. b4 g4+ 40. Kg3 Kg5 41. Bd8 Kf5 42. Kh4 Kf4 43. Bc7+ Kf5 44. Bd8 Kf4 45. Kh5
g3 46. Kh6 g2 47. Bb6 Kf5 48. Kg7 Ke6 49. Bg1
1-0

[Event "Eliteserien 2013 - 14"]
[Site "Oslo"]
[Date "2013.11.01"]
[Round "4"]
[White "Kongevold, Hans Inge"]
[Black "Mihajlov, Sebastian"]
[Result "0-1"]
[WhiteElo "2057"]
[BlackElo "2076"]
[PlyCount "78"]
[EventDate "2013.??.??"]

1. c4 c6 2. Nf3 Nf6 3. Nc3 d5 4. e3 e6 5. Qc2 Bd6 6. b3 Nbd7 7. Be2 O-O 8. O-O
Qe7 9. d4 b6 10. Bb2 Bb7 11. e4 dxe4 12. Nxe4 Nxe4 13. Qxe4 f5 14. Qc2 c5 15.
Rfe1 Be4 16. Qd2 Rad8 17. Ng5 cxd4 18. Nxe4 fxe4 19. Bxd4 Bb4 20. Bc3 Bc5 21.
Rf1 Rxf2 22. Rxf2 e3 23. Qc2 exf2+ 24. Kh1 Nf8 25. Qe4 Ng6 26. Rf1 Rf8 27. Bg4
e5 28. Bf5 Rxf5 29. Qxf5 e4 30. Rxf2 Bxf2 31. Qxf2 e3 32. Qf3 e2 33. Qa8+ Nf8
34. Qd5+ Kh8 35. Qd2 Qe4 36. h3 Ne6 37. Kg1 h6 38. Qxh6+ Kg8 39. Qd2 Nc5
0-1

[Event "Eliteserien 2013 - 14"]
[Site "Oslo"]
[Date "2013.11.01"]
[Round "5"]
[White "Bern, Ivar"]
[Black "Hole, Øystein"]
[Result "1/2-1/2"]
[WhiteElo "2304"]
[BlackElo "2367"]
[PlyCount "83"]
[EventDate "2013.??.??"]

1. g3 d5 2. Nf3 Nf6 3. Bg2 Bf5 4. d3 c6 5. Nh4 Bg6 6. Nxg6 hxg6 7. Nd2 Nbd7 8.
O-O e5 9. c4 Bc5 10. a3 a5 11. cxd5 Nxd5 12. Qb3 N7b6 13. Nf3 Qc7 14. Bd2 a4
15. Qc2 Nd7 16. e4 N5f6 17. Bc3 O-O 18. Bh3 Rfe8 19. Kg2 Bd6 20. Rad1 Nf8 21.
Rfe1 c5 22. Rc1 Ne6 23. Bd2 Qc6 24. Kg1 Qb5 25. Bxe6 Rxe6 26. Ng5 Ree8 27. f3
Rad8 28. Nh3 Qd7 29. Nf2 Rc8 30. Red1 b5 31. Be3 Qe6 32. Kg2 Rc7 33. Qd2 Rec8
34. Rc2 Nh7 35. Rdc1 Qd7 36. Nd1 Nf8 37. Nc3 Ne6 38. Nd5 Rc6 39. Qa5 Qb7 40.
Qd2 Qd7 41. Qa5 Qb7 42. Qd2
1/2-1/2

[Event "Eliteserien 2013 - 14"]
[Site "Oslo"]
[Date "2013.11.01"]
[Round "5"]
[White "Lahlum, Hans O."]
[Black "Sævareid, Ove"]
[Result "1/2-1/2"]
[WhiteElo "2182"]
[BlackElo "2162"]
[PlyCount "88"]
[EventDate "2013.??.??"]

1. d4 Nf6 2. c4 c5 3. d5 e5 4. Nc3 d6 5. e4 Be7 6. Bd3 Nbd7 7. Be3 g6 8. f3 Nh5
9. Qd2 Nf4 10. Bf1 O-O 11. g3 Nh5 12. Bd3 Ndf6 13. Nge2 a6 14. O-O-O Bd7 15. h4
Ng7 16. Bh6 Kh8 17. h5 Ng8 18. Be3 Nxh5 19. g4 Nhf6 20. Ng3 Bxg4 21. fxg4 Nxg4
22. Kb1 Nxe3 23. Qxe3 Bg5 24. Qf2 h6 25. Qe2 Qd7 26. Rdf1 Kg7 27. Nd1 Rab8 28.
Nf2 b5 29. Nh3 Bh4 30. Rfg1 Bxg3 31. Rxg3 Rb7 32. Nf2 Rfb8 33. b3 bxc4 34. Bxc4
a5 35. Ng4 Qe7 36. Qd2 Qg5 37. Qxg5 hxg5 38. Ne3 a4 39. Kc2 Nf6 40. Kd3 axb3
41. axb3 Nh7 42. Rgh3 Nf6 43. Rg3 Nh7 44. Rgh3 Nf6
1/2-1/2

[Event "Eliteserien 2013 - 14"]
[Site "Oslo"]
[Date "2013.11.01"]
[Round "5"]
[White "Gudbrandsen, Gustav"]
[Black "Manne, Per Erik"]
[Result "1-0"]
[WhiteElo "2231"]
[BlackElo "2244"]
[PlyCount "83"]
[EventDate "2013.??.??"]

1. e4 Nf6 2. Nc3 e5 3. Nf3 Nc6 4. Bb5 Bb4 5. O-O O-O 6. d3 d6 7. Bg5 Bxc3 8.
bxc3 Qe7 9. h3 Nd8 10. Re1 Ne6 11. Be3 c5 12. a4 Rb8 13. a5 Bd7 14. c4 Bc8 15.
Qd2 Nh5 16. c3 f5 17. exf5 Rxf5 18. Ba4 Rxf3 19. gxf3 Qh4 20. f4 exf4 21. Bxc5
dxc5 22. Bd1 Qxh3 23. Qe2 f3 24. Qxf3 Qxf3 25. Bxf3 Nhf4 26. Bd5 Kf7 27. Re4 g5
28. d4 cxd4 29. cxd4 Nxd5 30. cxd5 Nf4 31. Re5 Bd7 32. Rc1 Nd3 33. Rc7 Nxe5 34.
dxe5 Ke8 35. e6 Bxe6 36. dxe6 b6 37. Rxh7 Rd8 38. a6 Rd1+ 39. Kg2 Ra1 40. Rxa7
b5 41. Ra8+ Ke7 42. a7
1-0

[Event "Eliteserien 2013 - 14"]
[Site "Oslo"]
[Date "2013.11.01"]
[Round "5"]
[White "Holm, Kristian Stuvik"]
[Black "Aulin-Jansson, Jøran"]
[Result "1/2-1/2"]
[WhiteElo "2274"]
[BlackElo "2232"]
[PlyCount "69"]
[EventDate "2013.??.??"]

1. d4 Nf6 2. c4 e6 3. Nc3 Bb4 4. Qc2 c5 5. dxc5 Qa5 6. Bd2 Qxc5 7. e3 d5 8. a3
Bxc3 9. Bxc3 dxc4 10. Nf3 Nc6 11. Bxf6 gxf6 12. b4 Qh5 13. Qxc4 Rg8 14. Rc1 Bd7
15. Qf4 Ke7 16. h3 Ne5 17. Be2 Rac8 18. Rxc8 Rxc8 19. O-O Rg8 20. Nxe5 fxe5 21.
Bxh5 exf4 22. exf4 Bc6 23. g3 a5 24. Re1 axb4 25. axb4 f5 26. Re5 Ra8 27. g4
Kf6 28. b5 Ra1+ 29. Kh2 Rh1+ 30. Kg3 Rg1+ 31. Kh4 Be4 32. Rc5 fxg4 33. hxg4
Rh1+ 34. Kg3 Rg1+ 35. Kh4
1/2-1/2

[Event "Eliteserien 2013 - 14"]
[Site "Oslo"]
[Date "2013.11.01"]
[Round "5"]
[White "Lie, Kjetil A."]
[Black "Romanov, Evgeny"]
[Result "1-0"]
[WhiteElo "2532"]
[BlackElo "2616"]
[PlyCount "105"]
[EventDate "2013.??.??"]

1. e4 e5 2. Nf3 Nc6 3. Bc4 Bc5 4. c3 Nf6 5. d3 d6 6. Bb3 Ne7 7. d4 exd4 8. cxd4
Bb4+ 9. Bd2 Bxd2+ 10. Nbxd2 O-O 11. O-O Ng6 12. Re1 c6 13. e5 dxe5 14. dxe5 Nd5
15. Nc4 Bg4 16. h3 Bxf3 17. Qxf3 b5 18. Ne3 Ndf4 19. Qxc6 Nxe5 20. Qe4 Ned3 21.
Nd5 Qh4 22. Nxf4 Nxf4 23. Rad1 Qf6 24. Qe5 Qxe5 25. Rxe5 a6 26. Rd7 Ng6 27. Rf5
Nh8 28. Rc5 h6 29. Rcc7 a5 30. Bd5 Rae8 31. Rc5 Re1+ 32. Kh2 Rb8 33. Rb7 Rxb7
34. Bxb7 b4 35. Rxa5 Re2 36. f4 Rxb2 37. Bd5 Ng6 38. Kg3 Rd2 39. Ra8+ Nf8 40.
Rd8 Rb2 41. f5 g6 42. fxg6 Kg7 43. gxf7 Rd2 44. Rd6 h5 45. Kf4 h4 46. Ke5 Rf2
47. Kd4 Nh7 48. Rd8 Nf8 49. Kc5 Rb2 50. Kb5 Rb1 51. Rc8 Rd1 52. Bb3 Rd2 53. Rc2
1-0

[Event "Eliteserien 2013 - 14"]
[Site "Oslo"]
[Date "2013.11.01"]
[Round "5"]
[White "Predojevic, Borki"]
[Black "Lie, Espen"]
[Result "1/2-1/2"]
[WhiteElo "2600"]
[BlackElo "2471"]
[PlyCount "89"]
[EventDate "2013.??.??"]

1. e4 e5 2. Nf3 Nc6 3. Nc3 Nf6 4. d4 exd4 5. Nxd4 Bb4 6. Nxc6 bxc6 7. Bd3 d5 8.
exd5 cxd5 9. O-O O-O 10. h3 c6 11. Qf3 Re8 12. Bf4 Bd6 13. Rfe1 Be6 14. Ne2 Qc7
15. Rad1 Bd7 16. Bxd6 Qxd6 17. c4 Qe5 18. cxd5 cxd5 19. Rd2 Rab8 20. Qg3 Qxg3
21. fxg3 Bb5 22. Bxb5 Rxb5 23. Red1 Ne4 24. Rc2 g6 25. g4 Rd8 26. Nd4 Rb7 27.
b4 Rd6 28. b5 a6 29. a4 axb5 30. Nxb5 Rdd7 31. Rd4 Kg7 32. Rc6 Ng5 33. Rd6 Rxd6
34. Nxd6 Rb1+ 35. Kh2 Rb2 36. Rxd5 Nf3+ 37. Kg3 Ne1 38. Ne8+ Kf8 39. Nc7 Rxg2+
40. Kf4 Rc2 41. Rd8+ Kg7 42. Ne8+ Kf8 43. Nc7+ Kg7 44. Ne8+ Kf8 45. Nc7+
1/2-1/2

[Event "Eliteserien 2013 - 14"]
[Site "Oslo"]
[Date "2013.11.01"]
[Round "5"]
[White "Tisdall, Jonathan"]
[Black "Tari, Aryan"]
[Result "1-0"]
[WhiteElo "2430"]
[BlackElo "2295"]
[PlyCount "55"]
[EventDate "2013.??.??"]

1. Nf3 Nf6 2. c4 g6 3. Nc3 d5 4. cxd5 Nxd5 5. Qb3 Nb6 6. d4 Bg7 7. Bg5 O-O 8.
Rd1 Nc6 9. e3 Bg4 10. Be2 a5 11. O-O a4 12. Qc2 Ra5 13. Bh4 Bf5 14. e4 Bg4 15.
d5 Ne5 16. Nd4 Bxe2 17. Qxe2 Rc5 18. f4 Ned7 19. a3 Nf6 20. Ndb5 Nfd7 21. e5
Qe8 22. Bf2 Rc4 23. e6 Nc5 24. Nxc7 Qc8 25. exf7+ Rxf7 26. Ne6 Bxc3 27. bxc3
Ncd7 28. Ng5
1-0

[Event "Eliteserien 2013 - 14"]
[Site "Oslo"]
[Date "2013.11.01"]
[Round "5"]
[White "Kvisvik, Brede Alex."]
[Black "Østenstad, Berge"]
[Result "1/2-1/2"]
[WhiteElo "2316"]
[BlackElo "2483"]
[PlyCount "79"]
[EventDate "2013.??.??"]

1. d4 Nf6 2. c4 e6 3. Nf3 b6 4. g3 Bb7 5. Bg2 Bb4+ 6. Nbd2 O-O 7. O-O d5 8. a3
Be7 9. b3 c5 10. e3 Nc6 11. Bb2 Rc8 12. Rc1 Re8 13. Re1 Bf8 14. Rc2 cxd4 15.
exd4 dxc4 16. bxc4 Na5 17. Ne5 Bxg2 18. Kxg2 Nd7 19. Nd3 Nf6 20. Qf3 b5 21. c5
Nc6 22. Nb3 Nd5 23. Ne5 Nxe5 24. dxe5 Rc7 25. Rec1 Qg5 26. Nd2 Qg6 27. Ne4 Rc6
28. Bd4 Rb8 29. Rb2 Ne7 30. Nd6 a6 31. Rd2 h5 32. h4 Rd8 33. Kh2 Rd7 34. Rcd1
Nd5 35. Ne4 Be7 36. Qe2 Rdc7 37. Rc1 Rd7 38. Rcd1 Rdc7 39. Rc1 Rd7 40. Rcd1
1/2-1/2

[Event "Eliteserien 2013 - 14"]
[Site "Oslo"]
[Date "2013.11.01"]
[Round "5"]
[White "Sahl, Bjarke"]
[Black "Sagafos, Magne"]
[Result "0-1"]
[WhiteElo "2355"]
[BlackElo "2408"]
[PlyCount "92"]
[EventDate "2013.??.??"]

1. c4 g6 2. Nf3 Bg7 3. g3 Nf6 4. Bg2 O-O 5. O-O d6 6. Nc3 c6 7. d4 Qb6 8. Qc2
Qa6 9. b3 b5 10. cxb5 cxb5 11. a4 b4 12. Na2 Bf5 13. Qb2 Nc6 14. Nd2 d5 15. Nf3
Rac8 16. Bf4 Ne4 17. Rfc1 Qb6 18. Be3 a5 19. h3 h5 20. Rd1 Nc3 21. Rd2 Be4 22.
Rc1 Bxf3 23. exf3 Nxd4 24. Kh1 Nxa2 25. Rxc8 Rxc8 26. Qxa2 e5 27. f4 exf4 28.
gxf4 Rc3 29. Rd1 Rxe3 30. fxe3 Nf5 31. Qf2 Nxe3 32. f5 g5 33. Bxd5 Nxd5 34.
Qxb6 Nxb6 35. Rd6 Nxa4 36. bxa4 b3 37. Rb6 b2 38. Kg2 Bc3 39. Rb3 Kg7 40. Kf3
Kf6 41. Ke4 g4 42. hxg4 h4 43. Kf4 Be5+ 44. Ke4 h3 45. Rb6+ Kg5 46. Kxe5 h2
0-1

[Event "Eliteserien 2013 - 14"]
[Site "Oslo"]
[Date "2013.11.01"]
[Round "5"]
[White "Gabrielsen, Stig"]
[Black "Hobber, Anders"]
[Result "1-0"]
[WhiteElo "2316"]
[BlackElo "2244"]
[PlyCount "97"]
[EventDate "2013.??.??"]

1. e4 e6 2. d4 d5 3. Nc3 Nf6 4. e5 Nfd7 5. f4 c5 6. Nf3 Nc6 7. Be3 Be7 8. Qd2
O-O 9. dxc5 Bxc5 10. Bxc5 Nxc5 11. O-O-O a6 12. Qf2 Qe7 13. Nd4 Bd7 14. Nf5
exf5 15. Nxd5 Qd8 16. Qxc5 Rc8 17. Nb6 Rc7 18. Bc4 Nb8 19. Qb4 a5 20. Qb3 Qe8
21. Rd6 a4 22. Qb4 Bc6 23. e6 Kh8 24. exf7 Qe3+ 25. Kb1 Qe7 26. a3 Be4 27. Rhd1
Na6 28. Qxa4 Nc5 29. Qb4 Bxg2 30. Qd2 Ne4 31. Qxg2 Nxd6 32. Rg1 g6 33. Qd2 Qf6
34. Bb3 Nxf7 35. Nd5 Rd7 36. Qb4 Qg7 37. h4 Rfd8 38. c4 Nd6 39. h5 Qd4 40. Rd1
Qe4+ 41. Ka2 Nxc4 42. Bxc4 Kg7 43. Qc3+ Kh6 44. hxg6 Rxd5 45. Qh3+ Kxg6 46.
Rg1+ Kf6 47. Qh6+ Ke7 48. Rg7+ Ke8 49. Qh5+
1-0

[Event "Eliteserien 2013 - 14"]
[Site "Oslo"]
[Date "2013.11.01"]
[Round "5"]
[White "Haugli, Petter"]
[Black "Gabrielsen, Trond"]
[Result "1/2-1/2"]
[WhiteElo "2293"]
[BlackElo "2277"]
[PlyCount "66"]
[EventDate "2013.??.??"]

1. d4 f5 2. Nf3 Nf6 3. g3 e6 4. Bg2 d5 5. O-O Bd6 6. c4 c6 7. b3 Qe7 8. Ne5 O-O
9. Bb2 b6 10. cxd5 cxd5 11. Nc4 Nc6 12. Nxd6 Qxd6 13. Nc3 Ba6 14. a4 Rfc8 15.
Ba3 Qd7 16. b4 Bc4 17. b5 Na5 18. Bb4 Ne4 19. Bxa5 bxa5 20. Nxe4 dxe4 21. Re1
a6 22. bxa6 Rxa6 23. e3 Rb6 24. Qd2 Rb4 25. Rec1 Bd3 26. Rxc8+ Qxc8 27. Bf1
Bxf1 28. Kxf1 Qc4+ 29. Kg2 Rxa4 30. Rc1 Ra2 31. Rxc4 Rxd2 32. Ra4 Kf7 33. Rxa5
Kf6
1/2-1/2

[Event "Eliteserien 2013 - 14"]
[Site "Oslo"]
[Date "2013.11.01"]
[Round "5"]
[White "Stubberud, Ørnulf"]
[Black "Berg, Johan"]
[Result "1-0"]
[WhiteElo "2322"]
[BlackElo "2234"]
[PlyCount "59"]
[EventDate "2013.??.??"]

1. c4 g6 2. g3 Bg7 3. Bg2 e5 4. Nc3 d6 5. e3 Ne7 6. Nge2 O-O 7. O-O Nbc6 8. a3
a5 9. Rb1 Bg4 10. h3 Be6 11. Nd5 Qd7 12. Kh2 a4 13. d3 Ra7 14. Nec3 Rc8 15.
Nxa4 e4 16. dxe4 Na5 17. b3 Bxd5 18. cxd5 Nxb3 19. Qxb3 Rxa4 20. Qxb7 Rca8 21.
Rd1 h5 22. Rd2 f5 23. exf5 Nxf5 24. Rc2 R8a7 25. Qb8+ Kh7 26. Rb7 Rxb7 27. Qxb7
Qe8 28. Rxc7 Qe5 29. f4 Qa1 30. Bb2
1-0

[Event "Eliteserien 2013 - 14"]
[Site "Oslo"]
[Date "2013.11.01"]
[Round "5"]
[White "Urkedal, Frode Olav Olsen"]
[Black "Harestad, Hans K"]
[Result "1-0"]
[WhiteElo "2469"]
[BlackElo "2286"]
[PlyCount "65"]
[EventDate "2013.??.??"]

1. d4 d5 2. c4 c6 3. Nc3 Nf6 4. Nf3 dxc4 5. a4 Bf5 6. Nh4 e6 7. Nxf5 exf5 8. e3
Bb4 9. Bxc4 O-O 10. O-O Nbd7 11. Qb3 Qe7 12. a5 Rab8 13. Bd2 Bd6 14. h3 Ne4 15.
Nxe4 fxe4 16. Rfc1 Nf6 17. Rc2 Rbc8 18. a6 b6 19. Rac1 Rfd8 20. Qa2 Bb8 21. b4
Qc7 22. g3 Qd7 23. Bf1 b5 24. Kg2 Rc7 25. Rc5 Nd5 26. Qc2 Qf5 27. Rxc6 Rxc6 28.
Qxc6 h5 29. Be2 Bd6 30. Qxb5 Rb8 31. Qc6 Bxb4 32. Bxb4 Nxb4 33. Qb7
1-0

[Event "Eliteserien 2013 - 14"]
[Site "Oslo"]
[Date "2013.11.01"]
[Round "5"]
[White "Arvola, Benjamin"]
[Black "Leer-Salvesen, Bjarte"]
[Result "1-0"]
[WhiteElo "2268"]
[BlackElo "2371"]
[PlyCount "79"]
[EventDate "2013.??.??"]

1. d4 d5 2. c4 e6 3. Nc3 Nf6 4. cxd5 exd5 5. Bg5 c6 6. e3 Be7 7. Bd3 O-O 8.
Nge2 Re8 9. O-O Nbd7 10. Ng3 h6 11. Bf4 Nf8 12. Nf5 Bxf5 13. Bxf5 Bd6 14. Qd2
Bxf4 15. exf4 Qd6 16. Rfe1 Ne6 17. Bxe6 Rxe6 18. Rxe6 Qxe6 19. Re1 Qd6 20. g3
Rd8 21. Re5 b5 22. f3 b4 23. Na4 Nd7 24. Re2 c5 25. dxc5 Nxc5 26. Qxb4 Qa6 27.
Nc3 d4 28. Rd2 Nd3 29. Qe7 Rc8 30. Ne2 Ne1 31. Nxd4 Rc1 32. Qe8+ Kh7 33. Qe4+
g6 34. Kf2 Qc8 35. f5 gxf5 36. Nxf5 Qc5+ 37. Ne3+ Kg7 38. Re2 Qh5 39. Rxe1
Qxh2+ 40. Ng2
1-0

[Event "Eliteserien 2013 - 14"]
[Site "Oslo"]
[Date "2013.11.01"]
[Round "5"]
[White "Astrup, Kim Chr."]
[Black "Bjerke, Silje"]
[Result "1/2-1/2"]
[WhiteElo "2256"]
[BlackElo "2210"]
[PlyCount "64"]
[EventDate "2013.??.??"]

1. c4 e5 2. g3 Nc6 3. Bg2 f5 4. Nc3 Nf6 5. e3 d5 6. Nxd5 Nxd5 7. cxd5 Nb4 8. d3
Nxd5 9. a3 c6 10. Ne2 Bd6 11. O-O Be6 12. Nc3 Nf6 13. b4 a6 14. Bb2 O-O 15. Na4
Bd5 16. f3 Nd7 17. e4 Be6 18. exf5 Bxf5 19. Qb3+ Kh8 20. d4 exd4 21. Bxd4 Be5
22. Bxe5 Nxe5 23. Rad1 Qf6 24. Nc5 b6 25. Na4 Rab8 26. f4 Nd7 27. Rf2 c5 28.
Rfd2 c4 29. Qc3 Qxc3 30. Nxc3 Nf6 31. h3 Rfe8 32. Kf2 h5
1/2-1/2

[Event "Eliteserien 2013 - 14"]
[Site "Oslo"]
[Date "2013.11.01"]
[Round "5"]
[White "Kvisla, Johannes"]
[Black "Koskela, Niina"]
[Result "1-0"]
[WhiteElo "2136"]
[BlackElo "2211"]
[PlyCount "99"]
[EventDate "2013.??.??"]

1. d4 Nf6 2. c4 e6 3. Nc3 Bb4 4. e3 O-O 5. Nge2 d5 6. a3 Be7 7. cxd5 exd5 8.
Nf4 c6 9. Bd3 Re8 10. O-O Bd6 11. f3 Qc7 12. g3 Bxf4 13. exf4 c5 14. Re1 Bd7
15. Rxe8+ Bxe8 16. Qe2 Nbd7 17. Be3 c4 18. Bc2 a6 19. a4 Nb8 20. f5 Nc6 21. Rd1
Qb6 22. Bb1 Nb4 23. g4 Qd6 24. Qd2 Bc6 25. Bf4 Qf8 26. h4 b5 27. Qh2 Nd3 28.
Bxd3 cxd3 29. axb5 axb5 30. Bd6 Qe8 31. Qe5 Qd7 32. Rxd3 Re8 33. Qg3 Qb7 34.
Bb4 Bd7 35. Rd1 Qc6 36. Qd6 Qxd6 37. Bxd6 Bc6 38. Kf2 Nd7 39. Na2 Nb6 40. Nb4
Bb7 41. b3 h6 42. Ra1 Ra8 43. Re1 Nc8 44. Bc5 Ra3 45. Re3 Kh7 46. Kg3 Ra1 47.
Re8 Rg1+ 48. Kf2 Rb1 49. Rd8 Rxb3 50. Rd7
1-0